书目信息 |
| 题名: |
跨学科视域下的当代译学研究
|
|
| 作者: | ;胡开宝 主编 | |
| 分册: | ||
| 出版信息: | 北京 外语教学与研究出版社 2009.06 |
|
| 页数: | 261页 | |
| 开本: | 24cm | |
| 丛书名: | 外研社高等英语教育学术会议文集 | |
| 单 册: | ||
| 中图分类: | H059 | |
| 科图分类: | ||
| 主题词: | 翻译理论--fan yi li lun--会议录 | |
| 电子资源: | ||
| ISBN: | 978-7-5600-8167-0 | |
| 000 | 01289nam0 22003011 450 | |
| 001 | 01MzSoft20110708110809 | |
| 005 | 20110714130636.40 | |
| 010 | @a978-7-5600-8167-0@dCNY35.90 | |
| 100 | @a20090327d2009 em y0chiy50 ea | |
| 101 | 0 | @achi@aeng |
| 102 | @aCN@b110000 | |
| 105 | @aak a 100yy | |
| 106 | @ar | |
| 200 | 1 | @a跨学科视域下的当代译学研究@Akua xue ke shi yu xia de dang dai yi xue yan jiu@d= Translation and interdisciplinary studies@f主编胡开宝@zeng |
| 210 | @a北京@c外语教学与研究出版社@d2009.06 | |
| 215 | @a261页@c图@d24cm | |
| 225 | 2 | @a外研社高等英语教育学术会议文集@Awai yan she gao deng ying yu jiao yu xue shu hui yi wen ji |
| 314 | @a本书为2006年和2007年在上海市召开的“翻译与跨学科研究”及“语料库与译学研究”等专题的国际学术会议的论文集 | |
| 320 | @a有书目 | |
| 330 | @a本书收入论文24篇,分别从文化研究与翻译、语言学与翻译等视角探讨了不同学科理论在当代译学研究中的应用,体现了当代译学显著的跨学科研究态势,对翻译工作、翻译教学以及翻译研究具有很高的参考价值。 | |
| 410 | 0 | @12001@a外研社高等英语教育学术会议文集 |
| 510 | 1 | @aTranslation and interdisciplinary studies@zeng |
| 586 | @a | |
| 606 | 0 | @a翻译理论@Afan yi li lun@j会议录 |
| 690 | @aH059@v5 | |
| 702 | 0 | @a胡开宝@Ahu kai bao@4主编 |
| 801 | 0 | @aCN@c20110610 |
| 905 | @dH059@eH480@f3 | |
| 跨学科视域下的当代译学研究= Translation and interdisciplinary studies/主编胡开宝.-北京:外语教学与研究出版社,2009.06 |
| 261页:图;24cm.-(外研社高等英语教育学术会议文集) |
| ISBN 978-7-5600-8167-0:CNY35.90 |
| 本书收入论文24篇,分别从文化研究与翻译、语言学与翻译等视角探讨了不同学科理论在当代译学研究中的应用,体现了当代译学显著的跨学科研究态势,对翻译工作、翻译教学以及翻译研究具有很高的参考价值。 |
| ● |
| 相关链接 |
|
|
|
正题名:跨学科视域下的当代译学研究
索取号:H059/H480
 
预约/预借
| 序号 | 登录号 | 条形码 | 馆藏地/架位号 | 状态 | 备注 |
| 1 | 883233 | 208832334 | 语言库209/209语言库 67排2列6层/ [索取号:H059/H480] | 在馆 | |
| 2 | 883234 | 208832343 | 语言库209/209语言库 67排2列6层/ [索取号:H059/H480] | 在馆 | |
| 3 | 883235 | 208832352 | 语言库209/209语言库 67排2列6层/ [索取号:H059/H480] | 在馆 |